The Complete Reference:Visual Basic Net (Record no. 5148)

MARC details
000 -LEADER
fixed length control field 00432nam a22001697a 4500
005 - DATE AND TIME OF LATEST TRANSACTION
control field 20210909152507.0
008 - FIXED-LENGTH DATA ELEMENTS--GENERAL INFORMATION
fixed length control field 160702b xxu||||| |||| 00| 0 eng d
020 ## - INTERNATIONAL STANDARD BOOK NUMBER
ISBN 978-0-07-049511-1
041 ## - LANGUAGE CODE
Language code of text/sound track or separate title eng
082 ## - DEWEY DECIMAL CLASSIFICATION NUMBER
Item number 20874
Classification number 005.118
100 ## - MAIN ENTRY--AUTHOR NAME
Personal name Shapiro, Jeffrey R
245 ## - TITLE STATEMENT
Title The Complete Reference:Visual Basic Net
260 ## - PUBLICATION, DISTRIBUTION, ETC. (IMPRINT)
Name of publisher Mc Grow Hills
300 ## - PHYSICAL DESCRIPTION
Number of Pages 863
650 ## - SUBJECT ADDED ENTRY--TOPICAL TERM
Topical Term Information Technolocy
942 ## - ADDED ENTRY ELEMENTS (KOHA)
Koha item type Books
Holdings
Lost status Damaged status Home library Current library Shelving location Date acquired Cost, normal purchase price Accession Number Koha item type Collection code Source of acquisition Full call number
    JRU Library   SHELF-29-D 02/07/2016 695.00 20874 Books      
    JRU Library JRU Library SHELF-50-F 02/07/2016 695.00 20875 Books CS/IT PURCHASE 005.118
    JRU Library JRU Library SHELF-50-F 02/07/2016 695.00 20876 Books CS/IT PURCHASE 005.118
    JRU Library JRU Library SHELF-50-F 02/07/2016 695.00 20877 Books CS/IT PURCHASE 005.118
    JRU Library JRU Library SHELF-50-F 02/07/2016 695.00 20878 Books CS/IT PURCHASE 005.118
    JRU Library JRU Library SHELF-50-F 02/07/2016 695.00 20879 Books CS/IT PURCHASE 005.118
    JRU Library JRU Library SHELF-50-F 02/07/2016 695.00 20880 Books CS/IT PURCHASE 005.118
    JRU Library JRU Library SHELF-50-F 02/07/2016 695.00 20881 Books CS/IT PURCHASE 005.118